000 00491cam a22001814a 4500
005 20250605163717.0
008 250528s ||||||||||||||||||||||||d
035 _a24774
020 _a9603900273
040 _aGR-AtMCL
_bgre
_dGR-AtMCL
_eAACR2
245 1 _aΟργάνωση -Τεχνική / Εστιατορικών Μονάδων
260 _bInterbooks,
_c2009
300 _a234
700 1 _aΜάρας Αθανάσιος Γ
942 _cBK
999 _c9625
_d9625